Differential geometry, Lie groups, and symmetric spaces
Uloženo v:
| Hlavní autor: | |
|---|---|
| Médium: | Kniha |
| Jazyk: | angličtina |
| Vydáno: |
Providence
American Mathematical Society
2012
|
| Vydání: | 3a. ed |
| Edice: | Graduate Studies in Mathematics, 34
|
| Témata: | |
| Tagy: |
Přidat tag
Žádné tagy, Buďte první, kdo vytvoří štítek k tomuto záznamu!
|
MARC
| LEADER | 00000cam a2200000 a 4500 | ||
|---|---|---|---|
| 001 | UCE0894 | ||
| 003 | CL-VaPUC | ||
| 008 | 140317e20120000us |||||||||||||||||eng|d | ||
| 020 | |a 9780821828489 | ||
| 082 | 0 | 4 | |a 516.36 |b HEL |2 21 |
| 100 | |a Helgason, Sigurdur |e author |9 619421 | ||
| 245 | 1 | 0 | |a Differential geometry, Lie groups, and symmetric spaces |
| 250 | |a 3a. ed | ||
| 300 | |a 647 p | ||
| 942 | |c BK | ||
| 945 | |d 20140317 10:17:00 |a cmena | ||
| 260 | |a Providence |b American Mathematical Society |c 2012 | ||
| 650 | 0 | |a Geometría diferencial |9 315147 | |
| 650 | 0 | |a Grupos de Lie |9 271231 | |
| 650 | 7 | |a ESPACIOS SIMETRICOS |2 CL-VaPUC |9 430081 | |
| 583 | |a last modification |c 20140317 10:17:00 |k Rodrigo Vera | ||
| 490 | 0 | |a Graduate Studies in Mathematics, 34 | |
| 999 | |c 354898 |d 354896 | ||
| 952 | |0 0 |1 0 |3 erd |4 0 |6 516_360000000000000_HEL_2012 |7 0 |8 A |9 461123 |a BIBMAT |b BIBMAT |i 5061660 |l 2 |o 516.36 HEL 2012 |p 5061660 |r 2025-01-07 |s 2022-08-30 |w 2019-11-23 |y BK |z Catalogado en:20140317 |k MAT | ||